| 000 | 01408cam a22003374a 4500 | ||
|---|---|---|---|
| 001 | 13986046 | ||
| 005 | 20230322190238.0 | ||
| 008 | 050531s2005 enkaf b 001 0 eng | ||
| 010 | _a 2005044335 | ||
| 016 | 7 |
_a013118327 _2Uk |
|
| 020 | _a0470855401 | ||
| 035 | _a(OCoLC)ocm60557355 | ||
| 040 |
_aDLC _cDLC _dBWKUK _dBAKER _dUKM _dDLC |
||
| 042 | _apcc | ||
| 050 | 0 | 0 |
_aTL563 _b.K43 2005 |
| 082 | 0 | 0 |
_a29.10285 _222 _bKEA |
| 100 | 1 |
_aKeane, A. J. _9111238 |
|
| 245 | 1 | 0 |
_aComputational approaches for aerospace design : _bthe pursuit of excellence / _cAndy J. Keane, Prasanth B. Nair. |
| 260 |
_aChichester, England ; _aHoboken, N.J. : _bWiley, _cc2005. |
||
| 300 |
_axx, 582 p., [4] p. of plates : _bill. (some col.) ; _c25 cm. |
||
| 504 | _aIncludes bibliographical references (p. [549]-573) and index. | ||
| 650 | 0 |
_aAerospace engineering _xData processing. _91711 |
|
| 650 | 0 |
_aAerospace engineering _xMathematics. _9111239 |
|
| 700 | 1 |
_aNair, P. B. _9111240 |
|
| 856 | 4 | 2 |
_3Publisher description _uhttp://www.loc.gov/catdir/enhancements/fy0624/2005044335-d.html |
| 856 | 4 | 1 |
_3Table of contents only _uhttp://www.loc.gov/catdir/enhancements/fy0624/2005044335-t.html |
| 906 |
_a7 _bcbc _corignew _d1 _eocip _f20 _gy-gencatlg |
||
| 942 |
_2ddc _cBK |
||
| 999 |
_c594177 _d594177 |
||